La participación de los trabajadores en la sociedad mercantil moderna, estudio comparativo.

Uloženo v:
Podrobná bibliografie
Hlavní autor: Kosberg Walerstein, Jorge (autor)
Další autoři: Casanueva Reguaet, Sergio Ernesto, Asesor (autor) Asesor, (autor)
Médium: Kniha
Jazyk:španělština
Témata:
Tagy: Přidat tag
Žádné tagy, Buďte první, kdo vytvoří štítek k tomuto záznamu!

MARC

LEADER 00000cam^a2200000uu^4500
001 000492434
005 20250521000000.0
008 050901s1977^^^^^^^^^^^^rm^r^^000^0^spa^d
009 20260310125440.837
035 |a FCE 000035724 
035 |a FCE 035766 
037 |a Acervo ITESO - Biblioteca 
041 |a spa 
082 0 4 |a 331.11  |b KOSp 
100 |a Kosberg Walerstein, Jorge  |e (autor) 
245 1 3 |a La participación de los trabajadores en la sociedad mercantil moderna, estudio comparativo. 
264 |a México :  |b Jorge Kosberg Walerstein,  |c 1977. 
300 |a 426 p. 
336 |a texto  |b txt  |2 rdacontenido 
337 |a sin mediación  |b n  |2 rdamedio 
338 |a volumen  |b nc  |2 rdasoporte 
596 |a Tesis. (Licenciado en Derecho) -- Universidad Anáhuac. 
649 |a XX 
650 |a Estudio comparativo 
650 |a Democracia 
650 |a Industria 
650 |a Trabajador 
650 |a Participación 
650 |a Educación secundaria 
700 |a Casanueva Reguaet, Sergio Ernesto,  |e Asesor  |e (autor) 
910 |a Fondo Centro de Estudios Educativos 
920 |a Impresos - Libros 
930 |a Fondos Especiales 
905 |a 133 
901 |a ALE035766  |b IT2  |c CEE  |u 20250521 
902 |a https://opac.biblio.iteso.mx/vufind/Record/000492434